| Tag |
First Indicator |
Second Indicator |
Subfields |
| LEADER |
00000cam a2200000 i 4500 |
| 001 |
in00004792138 |
| 003 |
OCoLC |
| 005 |
20240612202404.3 |
| 008 |
220302t20222022cauaf 001 0 eng |
| 010 |
|
|
|a 2021047410
|
| 040 |
|
|
|a DLC
|e rda
|c DLC
|
| 020 |
|
|
|a 9781615933419
|q trade paperback
|
| 020 |
|
|
|a 1615933417
|q trade paperback
|
| 035 |
|
|
|a (OCoLC)1302330919
|
| 050 |
0 |
0 |
|a PN151
|b .K43 2022
|
| 082 |
0 |
0 |
|a 808.02
|2 23/eng/20220302
|
| 100 |
1 |
|
|a Kerrison, Margaret Chandra,
|e author.
|
| 245 |
1 |
0 |
|a Immersive story telling for real and imagined worlds :
|b a writer's guide /
|c Margaret Chandra Kerrison.
|
| 264 |
|
1 |
|a Studio City, California :
|b Michael Wiese Productions,
|c [2022].
|
| 264 |
|
4 |
|c ©2022.
|
| 300 |
|
|
|a xxi, 222 pages, [16] pages of color plates :
|b illustrations ;
|c 23 cm.
|
| 336 |
|
|
|a text
|b txt
|2 rdacontent
|
| 337 |
|
|
|a unmediated
|b n
|2 rdamedia
|
| 338 |
|
|
|a volume
|b nc
|2 rdacarrier
|
| 504 |
|
|
|a Includes index.
|
| 505 |
0 |
|
|a This is not a textbook -- A great opening scene -- Immersing the guest -- What is immersive storytelling? -- The creative process -- The big questions -- Immersive storytelling question (ISQ) wheel -- Why share this story with the world? -- How will your audience feel? -- Who is your audience? -- What is the transformation you want to create in your audience? -- A personal story is a universal one -- What is your theme? -- Where is the authenticity in your story? -- What is the wish fulfillment of your story? -- What are the mood and tone of your experience? -- How will your audience experience your story? -- What is your role of your audience? -- What are the rules of engagement? -- What are the emotional anchors of your experience? -- Who are the characters in your story? -- Where is your story set? -- When does your story take place? -- What are the comparables? -- Putting it into words -- the creative guide -- Key pillars -- Design philosophy -- Readability and believability in worldbuilding -- All in the details: your nouns -- But wait, there's more -- The writing deliverables -- Pitching, presenting, and communicating -- Passing the torch -- You as a writer -- Writing as a profession -- How do you break into this industry? -- Why we do what we do -- The future of storytelling in immersive experiences -- Last but not least.
|
| 520 |
|
|
|a How do you take an idea from inspiration to manifestation? How do you move from telling a story to creating a world? In this richly illustrated book, the first of its kind written specifically for writers, Kerrison lays out the craft of immersive storytelling. She uses case studies to show what works and highlights the essential role of the writer on a complex creative team. Ready to take the kernel of an idea and turn it into a full-fledged experience? This book gives you the blueprint.
|
| 650 |
|
0 |
|a Authorship.
|
| 650 |
|
0 |
|a Storytelling.
|
| 650 |
|
7 |
|a PERFORMING ARTS / Film / Screenwriting.
|2 bisacsh
|
| 650 |
|
7 |
|a PERFORMING ARTS / Film / Reference.
|2 bisacsh
|
| 945 |
|
|
|b 87615
|
| 947 |
|
|
|a A14852493783
|
| 948 |
|
|
|a dmitchel 6/12/24 3.20.10
|
| 980 |
|
|
|b print
|c 40032304188
|f NONFIC/B
|g 565714
|k USD
|m 23.96
|q 1
|s AcqMono Conventional
|t Approval plan
|u Vendor order reference number
|v ZYBP
|y Print approval
|z Physical resource
|
| 999 |
f |
f |
|i 63e84c0a-df92-498c-9d90-40b2de755588
|s 727d681b-53c1-49c5-a605-0fb24888c1f3
|t 0
|
| 952 |
f |
f |
|p normal
|a Texas A&M University
|b College Station
|c Sterling C. Evans Library
|s Evans stk
|d Evans: Library Stacks
|t 0
|e PN151 .K43 2022
|h Library of Congress classification
|i unmediated -- volume
|m A14852493783
|
| 998 |
f |
f |
|a PN151 .K43 2022
|t 0
|l Evans: Library Stacks
|